Formula one drivers line-up 2008 - Statistics

General Stats
  • This quiz has been taken 127 times
  • The average score is 19 of 22
Answer Stats
Constructor Rounds Driver Nationality % Correct
Ferrari All Kimi Räikkönen Finland
96%
Ferrari All Felipe Massa Brazil
95%
Toro Rosso All Sebastian Vettel Germany
93%
Renault All Fernando Alonso Spain
92%
BMW-Sauber All Robert Kubica Poland
92%
Toyota All Jarno Trulli Italy
90%
McLaren All Lewis Hamilton UK
89%
Red Bull All Mark Webber Australia
89%
Honda All Rubens Barrichello Brazil
88%
Honda All Jenson Button UK
87%
Williams All Nico Rosberg Germany
87%
BMW-Sauber All Nick Heidfeld Germany
86%
Red Bull All David Coulthard UK
84%
Renault All Nelson Piquet Jr. Brazil
84%
McLaren All Heikki Kovalainen Finland
83%
Toyota All Timo Glock Germany
83%
Force India All Giancarlo Fisichella Italy
78%
Super Aguri 1-4 Takuma Sato Japan
78%
Force India All Adrian Sutil Germany
77%
Williams All Kazuki Nakajima Japan
77%
Toro Rosso All Sébastien Bourdais France
71%
Super Aguri 1-4 Anthony Davidson UK
63%
No matching quizzes found
Score Distribution
Percent of People with Each Score
Percentile by Number Answered
Your Score History
You have not taken this quiz